Buah-buahan nadir Semenanjung Malaysia (Record no. 85300)

MARC details
000 -LEADER
fixed length control field 00740nam a2200253 i 4500
001 - CONTROL NUMBER
control field C2-0278343
003 - CONTROL NUMBER IDENTIFIER
control field PPAK
005 - DATE AND TIME OF LATEST TRANSACTION
control field 20180728010020.0
008 - FIXED-LENGTH DATA ELEMENTS--GENERAL INFORMATION
fixed length control field 070319s2006 my a|||| ||||| | may d
020 ## - INTERNATIONAL STANDARD BOOK NUMBER
International Standard Book Number 9836291814
040 ## - CATALOGING SOURCE
Original cataloging agency PPAK
Language of cataloging eng
Transcribing agency PPAK
Description conventions rda
082 04 - DEWEY DECIMAL CLASSIFICATION NUMBER
Classification number 634.6095951
Edition number 23
090 00 - LOCALLY ASSIGNED LC-TYPE CALL NUMBER (OCLC); LOCAL CALL NUMBER (RLIN)
Classification number (OCLC) (R) ; Classification number, CALL (RLIN) (NR) 634.6095951
Feature heading RUK
Feature heading G
Classification number (OCLC) (R) ; Classification number, CALL (RLIN) (NR) 634.6095951
Feature heading RUK
Feature heading R
100 0# - MAIN ENTRY--PERSONAL NAME
Personal name Rukayah Aman,
Relator term author
245 10 - TITLE STATEMENT
Title Buah-buahan nadir Semenanjung Malaysia
264 #1 - PRODUCTION, PUBLICATION, DISTRIBUTION, MANUFACTURE, AND COPYRIGHT NOTICE
Place of production, publication, distribution, manufacture Kuala Lumpur :
Name of producer, publisher, distributor, manufacturer Dewan Bahasa dan Pustaka ,
Date of production, publication, distribution, manufacture, or copyright notice 2006
300 ## - PHYSICAL DESCRIPTION
Extent xi, 178 pages :
Other physical details colour illustrations ;
Dimensions 25 cm
336 ## - CONTENT TYPE
Source rdacontent
Content type term text
337 ## - MEDIA TYPE
Source rdamedia
Media type term unmediated
338 ## - CARRIER TYPE
Source rdacarrier
Carrier type term volume
650 10 - SUBJECT ADDED ENTRY--TOPICAL TERM
Topical term or geographic name entry element Tropical fruits Malaysia.
942 ## - ADDED ENTRY ELEMENTS (KOHA)
-- dc
Koha item type Book
Holdings
Withdrawn Not for loan Current library Shelving location Date acquired Full call number Barcode Date last seen Koha item type Total Checkouts
  Not For Loan Perpustakaan Alor Setar Rujukan Dewasa 24/05/2007 R 634.6095951 RUK A01171544 09/05/2018 Book  
  Not For Loan Perpustakaan Awam Sungai Petani Rujukan Dewasa 24/05/2007 R 634.6095951 RUK A01171545 09/05/2018 Book  
  Not For Loan Perpustakaan Baling Rujukan Dewasa 24/05/2007 R 634.6095951 RUK A01171551 09/05/2018 Book  
  Not For Loan Perpustakaan Baling Rujukan Dewasa 24/05/2007 R 634.6095951 RUK A01171554 09/05/2018 Book  
  Not For Loan Perpustakaan Bandar Baharu Rujukan Dewasa 24/05/2007 R 634.6095951 RUK A01171552 09/05/2018 Book  
  Not For Loan Perpustakaan Jitra Rujukan Dewasa 24/05/2007 R 634.6095951 RUK A01171546 09/05/2018 Book  
  Not For Loan Perpustakaan Kuala Nerang Rujukan Dewasa 24/05/2007 R 634.6095951 RUK A01171553 09/05/2018 Book  
  Not For Loan Perpustakaan Kulim Rujukan Dewasa 24/05/2007 R 634.6095951 RUK A01171548 09/05/2018 Book  
  Not For Loan Perpustakaan Langkawi Rujukan Dewasa 24/05/2007 R 634.6095951 RUK A01171547 09/05/2018 Book  
    Perpustakaan Pendang Pinjaman Dewasa 06/10/2008 634.6095951 RUK A01256745 09/05/2018 Book  
  Not For Loan Perpustakaan Sik Rujukan Dewasa 24/05/2007 R 634.6095951 RUK A01171550 09/05/2018 Book  
  Not For Loan Perpustakaan Yan Rujukan Dewasa 24/05/2007 R 634.6095951 RUK A01171549 09/05/2018 Book